{"text_format":"3","workbook":"xlsx","n_sheets":1,"sheets":["t432"],"read":"whole","date_system":"1900"}

{"sheet":"t432","index":0,"n_rows":190,"n_cols":7,"rows_kept":190,"merged":[[0,0,0,6],[30,0,30,5],[45,0,45,5],[145,0,145,5]]}
["TABELA 432.1 - Estatísticas Agrícolas, Município de Pirangi, Estado de São Paulo, 2007/08."]
["ITEM","UNIDADE","N.DE UPAs","MÍNIMO","MÉDIO","MÁXIMO","TOTAL"]
["Distância à sede do município","km",726,0.5,{"v":7.12,"d":"7.1"},22.3,"-"]
["Área total","hectare",726,0.3,{"v":28.18,"d":"28.2"},479.7,{"v":20460.4,"d":"20,460.4"}]
["Área com cultura perene","hectare",356,0.1,{"v":11.56,"d":"11.6"},{"v":213,"d":"213.0"},{"v":4116.2,"d":"4,116.2"}]
["Área com cultura temporária","hectare",492,0.3,{"v":23.44,"d":"23.4"},{"v":360,"d":"360.0"},{"v":11532.7,"d":"11,532.7"}]
["Área com pastagem","hectare",263,0.2,{"v":6.55,"d":"6.6"},115.5,{"v":1723.3,"d":"1,723.3"}]
["Área com reflorestamento","hectare",25,0.1,{"v":1.54,"d":"1.5"},13.3,38.5]
["Área com vegetação natural","hectare",277,0.1,{"v":3.66,"d":"3.7"},83.5,{"v":1014.2,"d":"1,014.2"}]
["Área com vegetação de brejo e várzea","hectare",197,0.1,{"v":1.82,"d":"1.8"},{"v":24,"d":"24.0"},358.6]
["Área em descanso","hectare",32,{"v":1,"d":"1.0"},{"v":4.06,"d":"4.1"},14.5,{"v":130,"d":"130.0"}]
["Área complementar","hectare",636,0.1,{"v":2.43,"d":"2.4"},{"v":54,"d":"54.0"},{"v":1546.9,"d":"1,546.9"}]
["Área das UPAs com (0, 1] ha","hectare",4,0.3,{"v":0.63,"d":"0.6"},0.9,2.5]
["Área das UPAs com (1, 2] ha","hectare",5,{"v":2,"d":"2.0"},{"v":2,"d":"2.0"},{"v":2,"d":"2.0"},{"v":10,"d":"10.0"}]
["Área das UPAs com (2, 5] ha","hectare",69,2.1,{"v":3.73,"d":"3.7"},{"v":5,"d":"5.0"},257.6]
["Área das UPAs com (5, 10] ha","hectare",167,5.1,7.5,9.9,{"v":1253.3,"d":"1,253.3"}]
["Área das UPAs com (10, 20] ha","hectare",200,10.2,{"v":14.25,"d":"14.3"},{"v":20,"d":"20.0"},{"v":2849.3,"d":"2,849.3"}]
["Área das UPAs com (20, 50] ha","hectare",194,20.2,{"v":31.04,"d":"31.0"},49.8,{"v":6021.5,"d":"6,021.5"}]
["Área das UPAs com (50, 100] ha","hectare",50,50.8,{"v":70.48,"d":"70.5"},99.6,{"v":3524,"d":"3,524.0"}]
["Área das UPAs com (100, 200] ha","hectare",27,101.6,{"v":132.36,"d":"132.4"},188.6,{"v":3573.8,"d":"3,573.8"}]
["Área das UPAs com (200, 500] ha","hectare",10,{"v":209,"d":"209.0"},{"v":296.84,"d":"296.8"},479.7,{"v":2968.4,"d":"2,968.4"}]
["Área das UPAs com (500, 1.000] ha","hectare","-","-","-","-","-"]
["Área das UPAs com (1.000, 2.000] ha","hectare","-","-","-","-","-"]
["Área das UPAs com (2.000, 5.000] ha","hectare","-","-","-","-","-"]
["Área das UPAs com (5.000, 10.000] ha","hectare","-","-","-","-","-"]
["Área das UPAs acima de 10.000 ha","hectare","-","-","-","-","-"]
["Familiares do proprietário que trabalham na UPA","unidade",544,{"v":1,"d":"1.0"},{"v":1.65,"d":"1.7"},{"v":7,"d":"7.0"},{"v":898,"d":"898.0"}]
["Trabalhadores permanentes","unidade",114,{"v":1,"d":"1.0"},{"v":2.23,"d":"2.2"},{"v":35,"d":"35.0"},{"v":254,"d":"254.0"}]
["Fonte: Secretaria de Agricultura e Abastecimento, CDRS/IEA, Projeto LUPA."]
[]
["TABELA 432.2 - Explorações Animais, Município de Pirangi, Estado de São Paulo, 2007/08."]
["ITEM","UNIDADE","N.DE UPAs","MÍNIMO","MÉDIO","MÁXIMO","TOTAL"]
["Apicultura","colmeias",1,{"v":30,"d":"30.0"},{"v":30,"d":"30.0"},{"v":30,"d":"30.0"},{"v":30,"d":"30.0"}]
["Asininos E Muares","cabeças",32,{"v":1,"d":"1.0"},{"v":2.44,"d":"2.4"},{"v":10,"d":"10.0"},{"v":78,"d":"78.0"}]
["Avicultura de Corte","cabeças/ano",2,{"v":300000,"d":"300,000.0"},{"v":540000,"d":"540,000.0"},{"v":780000,"d":"780,000.0"},{"v":1080000,"d":"1,080,000.0"}]
["Bovinocultura de Corte","cabeças",62,{"v":1,"d":"1.0"},{"v":18.65,"d":"18.7"},{"v":150,"d":"150.0"},{"v":1156,"d":"1,156.0"}]
["Bovinocultura Leiteira","cabeças",2,{"v":25,"d":"25.0"},{"v":75,"d":"75.0"},{"v":125,"d":"125.0"},{"v":150,"d":"150.0"}]
["Bovinocultura Mista","cabeças",152,{"v":2,"d":"2.0"},{"v":11,"d":"11.0"},{"v":55,"d":"55.0"},{"v":1672,"d":"1,672.0"}]
["Caprinocultura","cabeças",1,{"v":5,"d":"5.0"},{"v":5,"d":"5.0"},{"v":5,"d":"5.0"},{"v":5,"d":"5.0"}]
["Equinocultura","cabeças",94,{"v":1,"d":"1.0"},{"v":2.43,"d":"2.4"},{"v":10,"d":"10.0"},{"v":228,"d":"228.0"}]
["Outra Exploração Animal","cabeças",8,{"v":1,"d":"1.0"},{"v":54.25,"d":"54.3"},{"v":150,"d":"150.0"},{"v":434,"d":"434.0"}]
["Ovinocultura","cabeças",18,{"v":2,"d":"2.0"},{"v":21.22,"d":"21.2"},{"v":150,"d":"150.0"},{"v":382,"d":"382.0"}]
["Suinocultura","cabeças",54,{"v":1,"d":"1.0"},{"v":11.31,"d":"11.3"},{"v":60,"d":"60.0"},{"v":611,"d":"611.0"}]
["Fonte: Secretaria de Agricultura e Abastecimento, CDRS/IEA, Projeto LUPA."]
[]
["TABELA 432.3 -  Máquinas, Implementos e Benfeitorias, Município de Pirangi, Estado de São Paulo, 2007/08."]
["ITEM","UNIDADE","N.DE UPAs","MÍNIMO","MÉDIO","MÁXIMO","TOTAL"]
["Arado Comum (Bacia, Aiveca)","Unidade",148,{"v":1,"d":"1.0"},{"v":1.07,"d":"1.1"},{"v":5,"d":"5.0"},{"v":158,"d":"158.0"}]
["Arado Escarificador","Unidade",4,{"v":1,"d":"1.0"},{"v":1.25,"d":"1.3"},{"v":2,"d":"2.0"},{"v":5,"d":"5.0"}]
["Arado Subsolador","Unidade",28,{"v":1,"d":"1.0"},{"v":1.11,"d":"1.1"},{"v":2,"d":"2.0"},{"v":31,"d":"31.0"}]
["Câmara Fria","Unidade",1,{"v":1,"d":"1.0"},{"v":1,"d":"1.0"},{"v":1,"d":"1.0"},{"v":1,"d":"1.0"}]
["Carregadeira de Cana","Unidade",1,{"v":2,"d":"2.0"},{"v":2,"d":"2.0"},{"v":2,"d":"2.0"},{"v":2,"d":"2.0"}]
["Colhedeira Acoplada","Unidade",1,{"v":1,"d":"1.0"},{"v":1,"d":"1.0"},{"v":1,"d":"1.0"},{"v":1,"d":"1.0"}]
["Computador","Unidade",1,{"v":6,"d":"6.0"},{"v":6,"d":"6.0"},{"v":6,"d":"6.0"},{"v":6,"d":"6.0"}]
["Conj.Irrigação Autopropelido","Unidade",5,{"v":1,"d":"1.0"},1.2,{"v":2,"d":"2.0"},{"v":6,"d":"6.0"}]
["Conj.Irrigação Convencional","Unidade",16,{"v":1,"d":"1.0"},{"v":1.13,"d":"1.1"},{"v":3,"d":"3.0"},{"v":18,"d":"18.0"}]
["Conj.Irrigação/Gotejamento/Microaspersão","Unidade",56,{"v":1,"d":"1.0"},{"v":1.13,"d":"1.1"},{"v":3,"d":"3.0"},{"v":63,"d":"63.0"}]
["Conjunto de Fenação","Unidade",1,{"v":1,"d":"1.0"},{"v":1,"d":"1.0"},{"v":1,"d":"1.0"},{"v":1,"d":"1.0"}]
["Desintegrador, Picador, Triturador","Unidade",155,{"v":1,"d":"1.0"},1.1,{"v":3,"d":"3.0"},{"v":170,"d":"170.0"}]
["Distribuidor de Calcário","Unidade",44,{"v":1,"d":"1.0"},{"v":1.11,"d":"1.1"},{"v":2,"d":"2.0"},{"v":49,"d":"49.0"}]
["Ensiladeira","Unidade",23,{"v":1,"d":"1.0"},{"v":1.13,"d":"1.1"},{"v":2,"d":"2.0"},{"v":26,"d":"26.0"}]
["Grade Aradora (Tipo Romi)","Unidade",28,{"v":1,"d":"1.0"},{"v":1.18,"d":"1.2"},{"v":3,"d":"3.0"},{"v":33,"d":"33.0"}]
["Grade Niveladora","Unidade",272,{"v":1,"d":"1.0"},{"v":1.39,"d":"1.4"},{"v":20,"d":"20.0"},{"v":377,"d":"377.0"}]
["Misturador de Ração","Unidade",1,{"v":1,"d":"1.0"},{"v":1,"d":"1.0"},{"v":1,"d":"1.0"},{"v":1,"d":"1.0"}]
["Ordenhadeira Mecânica","Unidade",1,{"v":1,"d":"1.0"},{"v":1,"d":"1.0"},{"v":1,"d":"1.0"},{"v":1,"d":"1.0"}]
["Pulverizador Tratorizado","Unidade",274,{"v":1,"d":"1.0"},1.8,{"v":9,"d":"9.0"},{"v":493,"d":"493.0"}]
["Resfriador de Leite, Tanque Expansão","Unidade",2,{"v":1,"d":"1.0"},{"v":1,"d":"1.0"},{"v":1,"d":"1.0"},{"v":2,"d":"2.0"}]
["Semeadeira/Adubadeira para Plantio Convencional","Unidade",34,{"v":1,"d":"1.0"},{"v":1.03,"d":"1.0"},{"v":2,"d":"2.0"},{"v":35,"d":"35.0"}]
["Semeadeira/Plantadeira Plantio Direto","Unidade",2,{"v":1,"d":"1.0"},{"v":2,"d":"2.0"},{"v":3,"d":"3.0"},{"v":4,"d":"4.0"}]
["Terraceador","Unidade",2,{"v":1,"d":"1.0"},{"v":1,"d":"1.0"},{"v":1,"d":"1.0"},{"v":2,"d":"2.0"}]
["Trator de Esteiras","Unidade",1,{"v":1,"d":"1.0"},{"v":1,"d":"1.0"},{"v":1,"d":"1.0"},{"v":1,"d":"1.0"}]
["Trator de Pneus","Unidade",293,{"v":1,"d":"1.0"},{"v":1.56,"d":"1.6"},{"v":9,"d":"9.0"},{"v":458,"d":"458.0"}]
["Açude/Represa","Unidade",27,{"v":1,"d":"1.0"},{"v":1.37,"d":"1.4"},{"v":6,"d":"6.0"},{"v":37,"d":"37.0"}]
["Alambique","Unidade",1,{"v":1,"d":"1.0"},{"v":1,"d":"1.0"},{"v":1,"d":"1.0"},{"v":1,"d":"1.0"}]
["Almoxarifado/Oficina","Unidade",5,{"v":1,"d":"1.0"},1.4,{"v":2,"d":"2.0"},{"v":7,"d":"7.0"}]
["Armazém para Grãos Ensacados","Sacas",3,{"v":1,"d":"1.0"},{"v":267.33,"d":"267.3"},{"v":800,"d":"800.0"},{"v":802,"d":"802.0"}]
["Balança para Veículos","Unidade",2,{"v":1,"d":"1.0"},{"v":1,"d":"1.0"},{"v":1,"d":"1.0"},{"v":2,"d":"2.0"}]
["Barracão para Granja/Avicultura","Unidade",4,{"v":1,"d":"1.0"},2.5,{"v":4,"d":"4.0"},{"v":10,"d":"10.0"}]
["Barracão/Galpão/Garagem","Unidade",338,{"v":1,"d":"1.0"},{"v":1.42,"d":"1.4"},{"v":7,"d":"7.0"},{"v":480,"d":"480.0"}]
["Casa de Moradia Habitada","Unidade",285,{"v":1,"d":"1.0"},{"v":1.31,"d":"1.3"},{"v":8,"d":"8.0"},{"v":373,"d":"373.0"}]
["Casa de Moradia Total","Unidade",375,{"v":1,"d":"1.0"},{"v":1.58,"d":"1.6"},{"v":8,"d":"8.0"},{"v":593,"d":"593.0"}]
["Curral/Mangueira","Unidade",134,{"v":1,"d":"1.0"},{"v":1.03,"d":"1.0"},{"v":2,"d":"2.0"},{"v":138,"d":"138.0"}]
["Depósito/Tulha","Unidade",122,{"v":1,"d":"1.0"},1.1,{"v":3,"d":"3.0"},{"v":134,"d":"134.0"}]
["Estábulo","Unidade",4,{"v":1,"d":"1.0"},{"v":1,"d":"1.0"},{"v":1,"d":"1.0"},{"v":4,"d":"4.0"}]
["Estufa/Plasticultura","m²",9,{"v":150,"d":"150.0"},{"v":2028.44,"d":"2,028.4"},{"v":8000,"d":"8,000.0"},{"v":18256,"d":"18,256.0"}]
["Instalações para Equinos","Unidade",2,{"v":1,"d":"1.0"},{"v":1,"d":"1.0"},{"v":1,"d":"1.0"},{"v":2,"d":"2.0"}]
["Packing House","Unidade",1,{"v":1,"d":"1.0"},{"v":1,"d":"1.0"},{"v":1,"d":"1.0"},{"v":1,"d":"1.0"}]
["Pocilga","Unidade",13,{"v":1,"d":"1.0"},{"v":1,"d":"1.0"},{"v":1,"d":"1.0"},{"v":13,"d":"13.0"}]
["Poço Semi-Artesiano","Unidade",357,{"v":1,"d":"1.0"},{"v":1.11,"d":"1.1"},{"v":3,"d":"3.0"},{"v":396,"d":"396.0"}]
["Secador de Grãos","Unidade",1,{"v":1,"d":"1.0"},{"v":1,"d":"1.0"},{"v":1,"d":"1.0"},{"v":1,"d":"1.0"}]
["Silo para Grãos","t",1,{"v":60,"d":"60.0"},{"v":60,"d":"60.0"},{"v":60,"d":"60.0"},{"v":60,"d":"60.0"}]
["Silo para Silagem","t",7,{"v":50,"d":"50.0"},{"v":140,"d":"140.0"},{"v":400,"d":"400.0"},{"v":980,"d":"980.0"}]
["Terreiro","m²",29,{"v":1,"d":"1.0"},{"v":299.93,"d":"299.9"},{"v":1600,"d":"1,600.0"},{"v":8698,"d":"8,698.0"}]
["Usina de Açúcar/destilaria","Unidade",1,{"v":1,"d":"1.0"},{"v":1,"d":"1.0"},{"v":1,"d":"1.0"},{"v":1,"d":"1.0"}]
["Fonte: Secretaria de Agricultura e Abastecimento, CDRS/IEA, Projeto LUPA."]
[]
["TABELA 432.4 - Outras Estatísticas Agrícolas, Município de Pirangi, Estado de São Paulo, 2007/08."]
["ITEM","Número de UPAs",null,"Percentual"]
["Faz Parte de Associação de Produtores",146,null,{"v":20.11019283746556,"d":"20.1"}]
["Faz Parte de Cooperativa de Produtores",276,null,{"v":38.01652892561984,"d":"38.0"}]
["Faz Parte do Sindicato de Produtores",169,null,{"v":23.278236914600548,"d":"23.3"}]
["Não utiliza assistência técnica ",30,null,{"v":4.132231404958677,"d":"4.1"}]
["Utiliza somente assistência técnica governamental ",9,null,{"v":1.2396694214876034,"d":"1.2"}]
["Utiliza somente assistência técnica privada ",339,null,{"v":46.69421487603306,"d":"46.7"}]
["Utiliza assistência técnica tanto governamental quanto privada",348,null,{"v":47.933884297520656,"d":"47.9"}]
["Utiliza Crédito Rural",246,null,{"v":33.88429752066116,"d":"33.9"}]
["Utiliza Seguro Rural",39,null,{"v":5.371900826446281,"d":"5.4"}]
["Utiliza Escrituração Agrícola",65,null,{"v":8.953168044077135,"d":"9.0"}]
["Acessa Internet p/ Fins na Agropecuária",84,null,{"v":11.570247933884296,"d":"11.6"}]
["Utiliza Computador nas Atividades Agropecuárias",73,null,{"v":10.055096418732782,"d":"10.1"}]
["Utiliza Energia Elétrica Para Uso na Atividade Agrícola",478,null,{"v":65.84022038567493,"d":"65.8"}]
["Realiza Análise de Solo, quando necessário",555,null,{"v":76.44628099173553,"d":"76.4"}]
["Utiliza Práticas de Conservação de Solo, quando necessário",583,null,{"v":80.3030303030303,"d":"80.3"}]
["Faz Adubação Mineral, quando necessário",669,null,{"v":92.1487603305785,"d":"92.1"}]
["Faz Adubação Orgânica, quando necessário",112,null,{"v":15.426997245179061,"d":"15.4"}]
["Faz Adubação Verde, quando necessário",52,null,{"v":7.162534435261708,"d":"7.2"}]
["Utiliza Manejo Integrado de Pragas (MIP)",3,null,{"v":0.4132231404958678,"d":"0.4"}]
["Utiliza Hidroponia","-",null,"-"]
["Utiliza Plasticultura",1,null,{"v":0.13774104683195593,"d":"0.1"}]
["Utiliza Mudas Fiscalizadas",647,null,{"v":89.11845730027548,"d":"89.1"}]
["Utiliza Semente Melhorada",476,null,{"v":65.56473829201101,"d":"65.6"}]
["Faz Confinamento de Bovinos",5,null,{"v":0.6887052341597797,"d":"0.7"}]
["Utiliza Pastejo Intensivo","-",null,"-"]
["Faz Inseminação Artificial",2,null,{"v":0.27548209366391185,"d":"0.3"}]
["Faz Mineralização do Rebanho",169,null,{"v":23.278236914600548,"d":"23.3"}]
["Faz Vermifugação do Rebanho",178,null,{"v":24.517906336088153,"d":"24.5"}]
["Possui Parceiros /Arrendatários na Exploração Animal",12,null,{"v":1.6528925619834711,"d":"1.7"}]
["Esporte e lazer","-",null,"-"]
["Extração mineral","-",null,"-"]
["Hotel Fazenda, Pousada ou SPA","-",null,"-"]
["Pesque-pague","-",null,"-"]
["Restaurante ou Lanchonete","-",null,"-"]
["Transformação artesanal","-",null,"-"]
["Turismo rural ou ecoturismo","-",null,"-"]
["Outras atividades econômicas rurais","-",null,"-"]
["Agroindústria","-",null,"-"]
["Proprietário sem instrução ou com instrução incompleta",27,null,{"v":3.71900826446281,"d":"3.7"}]
["Proprietário com antigo primário completo",398,null,{"v":54.82093663911846,"d":"54.8"}]
["Proprietário com 1° grau (ou antigo ginasial) completo",63,null,{"v":8.677685950413224,"d":"8.7"}]
["Proprietário com 2° grau (ou antigo colegial) completo",81,null,{"v":11.157024793388429,"d":"11.2"}]
["Proprietário com curso superior completo ",118,null,{"v":16.2534435261708,"d":"16.3"}]
["Pessoa Jurídica",39,null,{"v":5.371900826446281,"d":"5.4"}]
["Proprietário residente na própria UPA ",96,null,{"v":13.223140495867767,"d":"13.2"}]
["Fonte: Secretaria de Agricultura e Abastecimento, CDRS/IEA, Projeto LUPA."]
[]
["TABELA 432.5 - Área Cultivada, Município de Pirangi, Estado de São Paulo, 2007/08."]
["CULTURA","N.DE UPAs","MÍNIMO","MÉDIO","MÁXIMO","TOTAL"]
["Cana-de-acucar",435,0.3,{"v":25.77,"d":"25.8"},{"v":360,"d":"360.0"},{"v":11210.6,"d":"11,210.6"}]
["Laranja",215,0.4,{"v":11.01,"d":"11.0"},{"v":206,"d":"206.0"},{"v":2366.2,"d":"2,366.2"}]
["Gramas",258,0.2,6.2,115.5,{"v":1599.4,"d":"1,599.4"}]
["Goiaba",81,0.3,{"v":4.88,"d":"4.9"},65.5,395.6]
["Tangerina",111,0.2,3.3,38.4,366.8]
["Limao",112,0.3,{"v":2.83,"d":"2.8"},{"v":18,"d":"18.0"},316.5]
["Manga",85,0.3,{"v":3.54,"d":"3.5"},19.7,300.5]
["Milho",48,0.4,3.8,14.5,182.3]
["Tangor",54,0.4,{"v":3.32,"d":"3.3"},{"v":15,"d":"15.0"},179.5]
["Braquiaria",5,0.3,{"v":24.78,"d":"24.8"},{"v":70,"d":"70.0"},123.9]
["Lima",41,0.3,{"v":2.44,"d":"2.4"},{"v":10,"d":"10.0"},100.2]
["Mandioca",25,0.5,{"v":2.37,"d":"2.4"},{"v":7,"d":"7.0"},59.3]
["Eucalipto",25,0.1,{"v":1.54,"d":"1.5"},13.3,38.5]
["Cebola",5,3.5,{"v":6.48,"d":"6.5"},{"v":10,"d":"10.0"},32.4]
["Carambola",35,0.1,{"v":0.75,"d":"0.8"},2.1,26.1]
["Amendoim",1,{"v":24,"d":"24.0"},{"v":24,"d":"24.0"},{"v":24,"d":"24.0"},{"v":24,"d":"24.0"}]
["Abacate",6,1.4,{"v":3,"d":"3.0"},4.8,{"v":18,"d":"18.0"}]
["Cafe",7,0.1,{"v":2.23,"d":"2.2"},6.5,15.6]
["Coco-da-baia",2,{"v":1,"d":"1.0"},5.5,{"v":10,"d":"10.0"},{"v":11,"d":"11.0"}]
["Pessego",8,0.5,{"v":1.36,"d":"1.4"},{"v":3,"d":"3.0"},10.9]
["Berinjela",6,0.1,{"v":1.13,"d":"1.1"},2.5,6.8]
["Tomate rasteiro",2,1.6,{"v":2.95,"d":"3.0"},4.3,5.9]
["Banana",2,{"v":1,"d":"1.0"},1.5,{"v":2,"d":"2.0"},{"v":3,"d":"3.0"}]
["Alface",3,0.2,{"v":0.83,"d":"0.8"},{"v":2,"d":"2.0"},2.5]
["Fumo",1,2.4,2.4,2.4,2.4]
["Caju",2,0.7,1.1,1.5,2.2]
["Pimenta",1,1.8,1.8,1.8,1.8]
["Feijao-vagem (ou vagem, ou feijao-verde)",2,0.1,{"v":0.85,"d":"0.9"},1.6,1.7]
["Jilo",4,0.1,{"v":0.43,"d":"0.4"},{"v":1,"d":"1.0"},1.7]
["Viveiro de citros",4,0.1,{"v":0.28,"d":"0.3"},0.4,1.1]
["Fruta-do-conde (ou pinha, ou anona)",2,0.5,{"v":0.55,"d":"0.6"},0.6,1.1]
["Kinkan",1,{"v":1,"d":"1.0"},{"v":1,"d":"1.0"},{"v":1,"d":"1.0"},{"v":1,"d":"1.0"}]
["Abobora (ou jerimum)",1,{"v":1,"d":"1.0"},{"v":1,"d":"1.0"},{"v":1,"d":"1.0"},{"v":1,"d":"1.0"}]
["Mandioquinha",1,{"v":1,"d":"1.0"},{"v":1,"d":"1.0"},{"v":1,"d":"1.0"},{"v":1,"d":"1.0"}]
["Outras olericolas",2,0.4,{"v":0.45,"d":"0.5"},0.5,0.9]
["Roma",2,0.3,0.3,0.3,0.6]
["Quiabo",1,0.5,0.5,0.5,0.5]
["Brocolos (ou brocolis)",2,0.1,{"v":0.15,"d":"0.2"},0.2,0.3]
["Couve (ou couve-crespa)",2,0.1,{"v":0.15,"d":"0.2"},0.2,0.3]
["Serigüela",1,0.3,0.3,0.3,0.3]
["Chicoria (ou chicoria-de-folha-crespa)",1,0.1,0.1,0.1,0.1]
["Cebolinha",1,0.1,0.1,0.1,0.1]
["Fonte: Secretaria de Agricultura e Abastecimento, CDRS/IEA, Projeto LUPA."]